Sports Quiz

Random Sports Quiz

Super Bowl Losing Quarterbacks Quiz Stats

 Plays Quiz not verified by Sporcle

Challenge
Share
Tweet
Embed
Score 0/43 Timer 12:00
0 Plays Today
Year Quarterback % Correct
2002Kurt Warner
96.7%
2009Kurt Warner
96.7%
2008Tom Brady
95.9%
1998Brett Favre
89.5%
2005Donovan McNabb
88.8%
1991Jim Kelly
88.5%
1992Jim Kelly
88.5%
1993Jim Kelly
88.5%
1994Jim Kelly
88.5%
1987John Elway
85.6%
1988John Elway
85.6%
1990John Elway
85.6%
2003Rich Gannon
83.7%
2006Matt Hasselbeck
83%
2004Jake Delhomme
82.5%
2007Rex Grossman
80.6%
2000Steve McNair
80.4%
1985Dan Marino
76.3%
2001Kerry Collins
76.3%
1969Johnny Unitas
75.6%
1997Drew Bledsoe
72.7%
1976Roger Staubach
71.3%
Year Quarterback % Correct
1979Roger Staubach
71.3%
1974Fran Tarkenton
69.1%
1975Fran Tarkenton
69.1%
1977Fran Tarkenton
69.1%
1989Boomer Esiason
63.6%
1999Chris Chandler
61.7%
1996Neil O'Donnell
59.3%
1967Len Dawson
57.7%
1972Bob Griese
50.2%
1984Joe Theismann
47.8%
1981Ron Jaworski
45%
1982Ken Anderson
44%
1995Stan Humphries
42.8%
1986Tony Eason
39.7%
1971Craig Morton
31.3%
1978Craig Morton
31.3%
1968Daryle Lamonica
29.2%
1973Billy Kilmer
21.3%
1980Vince Ferragamo
20.8%
1970Joe Kapp
19.9%
1983David Woodley
18.9%

You're not logged in!

Compare scores with friends on all Sporcle quizzes.
OR
Log In

You Might Also Like...

Show Comments

Extras

Top Quizzes Today


Score Distribution

Your Account Isn't Verified!

In order to create a playlist on Sporcle, you need to verify the email address you used during registration. Go to your Sporcle Settings to finish the process.

Report this User

Report this user for behavior that violates our Community Guidelines.

Details: